| 000 | 00894nam a2200181 i 4500 | ||
|---|---|---|---|
| 001 | 166917 | ||
| 003 | ES-MaACL | ||
| 005 | 20230906213428.0 | ||
| 008 | 050922m18151820sp | |||||||| ||spa d | ||
| 100 | 1 |
_aValladares de Sotomayor, Antonio. _9112732 |
|
| 245 | 1 | 0 |
_aTertulias de invierno en Chinchón : _bconversaciones crítico-políticas, morales e instructivas / _cpor Antonio Valladares de Sotomayor. |
| 260 |
_aMadrid : _b[s.n.], _c1815-1820 ( _fImp. de Francisco de la Parte) |
||
| 300 |
_a4 v. (XVI, 296 ; 288 ; 288 ; 280 p.) ; _c15 cm. |
||
| 530 | _aDisponible en formato digital. | ||
| 596 | _aVol. II imp. por: Imprenta de la Viuda de Vallin. Vol. III-IV (1820) imp. por: Imprenta de la Viuda de Aznar. | ||
| 852 |
_aES-MaACL _jR-1948-51 _z- Enc. pasta española _x- Olim: D-3931-34 |
||
| 856 |
_uhttp://bdh-rd.bne.es/viewer.vm?id=0000009704&page=1 _zBiblioteca Digital Hispánica |
||
| 999 |
_c166917 _d166917 |
||